000 00666nam a2200229 a 4500
999 _c2025
_d2025
001 2025
003 BD-JhCC
005 20171028190351.0
008 171028s1967 bg |||| ||a| 000 0 ben d
020 _a9840725467
035 _a(BD-JhCC)2025
040 _aBD-JhCC
_dBD-JhCC
041 _aben
082 _a891.4409
_bMOR 1967
100 _aমোরোয়া, আঁদ্রে
245 _aশিল্পীর সাধনা /
_cআঁদ্রে মোরোয়া
260 _aঢাকা :
_bবাংলা একাডেমী,
_c1967.
300 _a244 p. :
_c22 cm.
650 _aBengali Literature
942 _2ddc
_cBK